[Event "Thursday Knighter V: PREMIER"]
[Site "Minneapolis, MN"]
[Date "2018.05.24"]
[Round "4.1"]
[White "Cooklev, Steven"]
[Black "Zelkind, Eduard"]
[Result "1-0"]
[WhiteElo "1496"]
[BlackElo "2200"]

1. e4 c5 2. Nf3 e6 3. d4 cxd4 4. Nxd4 Nf6 5. Nc3 Bb4 6. e5 Nd5 7. Bd2 Bxc3 8.
bxc3 a6 9. Qg4 Kf8 10. c4 Ne7 11. Bd3 d6 12. exd6 Qxd6 13. Bc3 e5 14. Qg3 Nbc6
15. Nxc6 Nxc6 16. f4 f6 17. O-O e4 18. Bxe4 Be6 19. Rab1 Qc5+ 20. Kh1 Qxc4 21.
Rfe1 Nd8 22. f5 Bf7 23. Bb4+ Kg8 24. Be7 h6 25. Bxf6 Rh7 26. Ba1 Bd5 27. Bxd5+
Qxd5 28. Re8+ Kf7 29. Qg6# 1-0

[Event "Thursday Knighter V: PREMIER"]
[Site "Minneapolis, MN"]
[Date "2018.05.24"]
[Round "4.2"]
[White "Gibbins, Wilson"]
[Black "Hoover, Nathan"]
[Result "0-1"]
[WhiteElo "1018"]
[BlackElo "1979"]

1. c4 e6 2. Nf3 d5 3. g3 dxc4 4. Qa4+ Bd7 5. Qxc4 c5 6. Bg2 Nc6 7. d4 Nf6 8.
O-O b5 9. Qd3 c4 10. Qd1 Rc8 11. b3 Be7 12. bxc4 bxc4 13. Ba3 Nb4 14. Nc3 Qa5
15. Bb2 O-O 16. Ne5 Rfd8 17. a3 Nbd5 18. Qc2 Be8 19. Rfc1 Qa6 20. e3 Nxc3 21.
Bxc3 Ba4 22. Qe2 Nd5 23. Bxd5 exd5 24. Bb4 Qe6 25. Bxe7 Qxe7 26. Qd2 f6 27.
Nf3 Qe4 28. Ne1 Rb8 29. Qa5 Be8 30. Ra2 Rd7 31. Qd2 Rdb7 32. Qc2 Qe6 33. Ng2
g5 34. Qe2 Bg6 35. Rd2 Rb3 36. Ne1 c3 37. Rdd1 Rb2 38. Nc2 Qe4 39. Qa6 Rxc2
40. Qxa7 Rbb2 41. Rxc2 Qxc2 42. Rf1 Bd3 43. Qa8+ Kg7 44. Qxd5 Bxf1 45. Qd7+
Kh6 {#R} 0-1

[Event "Thursday Knighter V: PREMIER"]
[Site "Minneapolis, MN"]
[Date "2018.05.24"]
[Round "4.4"]
[White "Buyukdag, Yusuf"]
[Black "Wisniewski, Vincent"]
[Result "1-0"]
[WhiteElo "1102"]
[BlackElo "1432"]

1. d4 d5 2. c4 dxc4 3. e3 Nf6 4. Bxc4 e6 5. Nf3 c5 6. O-O Nc6 7. Nc3 Be7 8. a3
O-O 9. dxc5 Bxc5 10. b4 Bd6 11. Nb5 Bb8 12. Bb2 a6 13. Qxd8 Rxd8 14. Bxf6 gxf6
15. Nc3 Ne5 16. Be2 b6 17. Nd4 Bb7 18. f4 Ng6 19. g3 f5 20. Rac1 b5 21. Nb3
Ba7 22. Nc5 Bxc5 23. bxc5 Ne7 24. Kf2 Rd7 25. Na2 a5 26. Rfd1 Rad8 27. Rxd7
Rxd7 28. Rc2 Bc6 29. Nc1 f6 30. Nb3 Be4 31. Rb2 b4 32. axb4 a4 33. Na5 Nc6 34.
Nc4 Ne7 35. Ra2 Ra7 36. Na5 Nd5 37. Nc6 Ra8 38. Ra3 Bc2 39. Bc4 Kf7 40. Bxd5
exd5 41. Nd4 Be4 42. b5 Ke8 43. b6 Kd7 44. c6+ Kd6 45. b7 Rb8 46. Rxa4 Bd3 47.
Ra8 Kc7 48. Ne6+ Kxc6 49. Rxb8 Ba6 50. Rh8 Kxb7 51. Nc5+ Kb6 52. Nxa6 Kxa6 53.
Rc8 Kb7 54. Rc1 h6 55. Ke2 h5 56. Kd3 Kb6 57. Kd4 {#r} 1-0

[Event "Thursday Knighter V: PREMIER"]
[Site "Minneapolis, MN"]
[Date "2018.05.24"]
[Round "4.5"]
[White "Wasserman, Eddie"]
[Black "Boardman, Larry"]
[Result "1-0"]
[WhiteElo "1928"]
[BlackElo "1971"]

1. e4 c5 2. Nf3 e6 3. d4 cxd4 4. Nxd4 a6 5. Nc3 Qc7 6. g4 Bb4 7. Bd2 Nc6 8.
Nb3 Nge7 9. Bg2 b6 10. Qe2 Bb7 11. O-O-O Bd6 12. h3 Ng6 13. Rhe1 Bf4 14. Nd5
exd5 15. exd5+ Nce7 16. d6 Qxd6 17. Bxb7 Ra7 18. Bg2 O-O 19. Be3 Bxe3+ 20.
Qxe3 Qc7 21. Bh1 Rc8 22. c3 Nc6 23. Kb1 Nf8 24. f4 d6 25. Bxc6 Qxc6 26. Nd4
Qc5 27. Nf5 Rd8 28. Qxc5 bxc5 29. Rxd6 Rxd6 30. Nxd6 Rd7 31. Nc8 f6 32. Re7
Rxe7 33. Nxe7+ Kf7 34. Nd5 Ne6 35. f5 Ng5 36. Nf4 c4 37. Kc2 Ne4 38. b3 cxb3+
39. axb3 g5 40. Ne2 Ke7 41. b4 Kd6 42. c4 Ke5 43. c5 Nf2 44. Kb3 Kd5 45. Ka4
Kc6 46. Ka5 Kb7 47. c6+ Kxc6 48. Kxa6 Ne4 49. b5+ Kc7 50. Ka7 Nd6 51. b6+ Kc8
52. Nc3 {#r} 1-0

[Event "Thursday Knighter V: PREMIER"]
[Site "Minneapolis, MN"]
[Date "2018.05.24"]
[Round "4.6"]
[White "Louie, Terry"]
[Black "McNeil, John"]
[Result "1-0"]
[WhiteElo "1506"]
[BlackElo "1757"]

1. c4 Nf6 2. Nc3 g6 3. b3 Bg7 4. Bb2 O-O 5. d4 d6 6. e4 c6 7. Qd2 Nbd7 8. f4
e5 9. fxe5 dxe5 10. d5 Nc5 11. Bd3 Nxd3+ 12. Qxd3 Nh5 13. Nf3 f5 14. O-O f4
15. Rad1 c5 16. Na4 Re8 17. d6 Bd7 18. Qd5+ Kh8 19. Qxc5 Rc8 20. Qxa7 g5 21.
Qf2 g4 22. Qh4 Bf6 23. Qxh5 gxf3 24. Rxf3 Rg8 25. Bxe5 Bg4 26. Rxf4 Bxh5 27.
Bxf6+ Qxf6 28. Rxf6 Bxd1 29. Nb6 Rcf8 30. Nd5 Rxf6 31. Nxf6 Rd8 32. c5 Kg7 33.
Nd5 Kf7 34. Kf2 Bg4 35. Ke3 Be6 36. Nc3 Rg8 37. g3 Rc8 38. Kd4 Kf6 39. Nd5+
Kf7 40. a4 Rg8 41. b4 Rg5 42. Nf4 Bb3 43. a5 Ba4 44. e5 Rg4 45. e6+ Kf6 46. d7
Bxd7 47. exd7 Ke7 48. Kd5 Kxd7 49. b5 Rg5+ 50. Kc4 Re5 51. Nd5 Re2 52. a6 bxa6
53. bxa6 Ra2 54. Kb5 Rb2+ 55. Nb4 Kc8 56. h4 h5 57. c6 Kb8 58. Ka5 Rb3 59. Nd5
Rxg3 60. c7+ Kc8 61. a7 Ra3+ 62. Kb6 Rb3+ 63. Kc5 Kb7 64. a8=Q+ Kxa8 65. c8=Q+
Ka7 66. Nb4 {#r} 1-0

[Event "Thursday Knighter V: OPEN"]
[Site "Minneapolis, MN"]
[Date "2018.05.24"]
[Round "4.3"]
[White "Lothrop, Jack"]
[Black "Humphreys, Terry"]
[Result "0-1"]
[WhiteElo "1506"]
[BlackElo "1912"]

1. e4 d6 2. d4 c6 3. Nc3 Nd7 4. Bc4 b5 5. Bb3 Qc7 6. Nf3 h6 7. O-O Ngf6 8. Qe2
e5 9. d5 Bb7 10. a3 a6 11. dxc6 Bxc6 12. Nh4 Nc5 13. Bd5 Be7 14. Nf5 Bxd5 15.
Nxd5 Nxd5 16. exd5 Bf6 17. Qg4 Kf8 18. Ne3 Qd7 19. Qe2 h5 20. b4 Na4 21. c4 e4
22. Bd2 Bxa1 23. Rxa1 bxc4 24. Qxc4 f5 25. Rc1 Kf7 26. Qc7 Qxc7 27. Rxc7+ Kg6
28. Nc4 Rac8 29. Rc6 Rxc6 30. dxc6 Rc8 31. Na5 Kf6 32. Be3 Ke6 33. Bd4 g6 34.
Kf1 Kd5 35. Bf6 Nb6 36. Ke2 Nc4 37. Nb3 Nxa3 38. Ke3 Rxc6 39. Kf4 Rc8 40. Kg5
Rc2 41. Kxg6 Rxf2 42. g3 Rxh2 43. Bg5 Kc4 44. Nd2+ Kxb4 45. Kxf5 d5 46. Ke5
Nc4+ {#R} 0-1

[Event "Thursday Knighter V: OPEN"]
[Site "Minneapolis, MN"]
[Date "2018.05.24"]
[Round "4.4"]
[White "Landman, Kevin"]
[Black "Khann, Riaz"]
[Result "0-1"]
[WhiteElo "1506"]
[BlackElo "1506"]

1. d4 Nf6 2. c4 e6 3. Nc3 Bb4 4. e3 O-O 5. Nge2 d5 6. a3 Bxc3+ 7. Nxc3 b6 8.
cxd5 exd5 9. b4 Nbd7 10. Qb3 Bb7 11. Be2 c6 12. Bb2 Rb8 13. Bf3 b5 14. O-O Nb6
15. e4 Nc4 16. Rad1 a5 17. e5 a4 18. Qc2 Ne8 19. Nb1 Nc7 20. Nd2 Nxb2 21. Qxb2
Ne6 22. Bg4 Nf4 23. Nf3 h5 24. Bf5 g6 25. Bb1 Bc8 26. Qc1 Ne2+ {#R} 0-1

[Event "Thursday Knighter V: OPEN"]
[Site "Minneapolis, MN"]
[Date "2018.05.24"]
[Round "4.6"]
[White "Mauser, Samuel"]
[Black "Myrin, Norman"]
[Result "1-0"]
[WhiteElo "1645"]
[BlackElo "1974"]

1. e4 e5 2. Nf3 Nc6 3. Bc4 Be7 4. O-O Nf6 5. Nc3 d6 6. h3 O-O 7. d3 Na5 8. b3
c6 9. a4 b6 10. d4 Nxc4 11. bxc4 exd4 12. Nxd4 Qc7 13. Nf3 Nd7 14. Bb2 Ne5 15.
Nd2 Be6 16. Qe2 f5 17. f4 Ng6 18. Rae1 Bf6 19. Nd1 Bxb2 20. Nxb2 fxe4 21. Nxe4
Nxf4 22. Qe3 Ng6 23. Ng5 Bd7 24. Nd3 Rae8 25. Rxf8+ Nxf8 26. Qf2 Rxe1+ 27.
Qxe1 Qd8 28. Qg3 Be6 29. Qf4 h6 30. Nxe6 Nxe6 31. Qe4 Qd7 32. Nb4 Nd8 33. Na6
Qe6 34. Qd3 Qe1+ 35. Kh2 Qe5+ 36. g3 Ne6 37. Nb4 Qc5 38. Qe2 Nf8 39. c3 a5 40.
Na6 Qe5 41. Qf3 d5 42. cxd5 Qxd5 43. Qxd5+ cxd5 44. Nc7 Nd7 45. Nxd5 Kf7 46.
Kg2 Ke6 47. c4 Ke5 48. Kf3 Kd4 49. Nc7 Kxc4 50. Ne6 g6 51. Kf4 Kb4 52. Ke3
Kxa4 53. Nf4 Nf8 54. Kd4 Kb3 55. Ne2 a4 56. Kd3 {#r} 1-0

[Event "Thursday Knighter V: OPEN"]
[Site "Minneapolis, MN"]
[Date "2018.05.24"]
[Round "4.8"]
[White "Lothrop, Bill"]
[Black "Juntunen, Steven"]
[Result "1-0"]
[WhiteElo "1209"]
[BlackElo "2133"]

1. e4 e5 2. Nf3 Nc6 3. d4 exd4 4. Bc4 Bb4+ 5. c3 dxc3 6. bxc3 Ba5 7. Qb3 Qe7
8. O-O Nf6 9. e5 d5 10. exd6 Qxd6 11. Bxf7+ Kf8 12. Ba3 Nb4 13. cxb4 Bb6 14.
Rd1 Qxd1+ 15. Qxd1 Kxf7 16. Ne5+ Ke8 17. Qb3 Rf8 18. b5 Bxf2+ 19. Kxf2 Ng4+
20. Kg1 Nxe5 21. Bxf8 Kxf8 22. Qb4+ Kf7 23. Qf4+ Ke6 24. Nc3 Ng6 25. Re1+ Kd7
26. Qf7+ Kd6 27. Qd5# 1-0

[Event "Thursday Knighter V: OPEN"]
[Site "Minneapolis, MN"]
[Date "2018.05.24"]
[Round "4.9"]
[White "Niederluecke, Max"]
[Black "Gabrielson, Dean"]
[Result "1-0"]
[WhiteElo "1067"]
[BlackElo "1519"]

1. e4 e6 2. d4 d5 3. Nc3 Nf6 4. e5 Nfd7 5. Nf3 Be7 6. Be3 O-O 7. Ne2 b6 8. Ng3
c5 9. c3 Nc6 10. Bb5 Qc7 11. Rc1 a6 12. Ba4 b5 13. Bc2 Kh8 14. Bb1 cxd4 15.
cxd4 Bb4+ 16. Bd2 Bxd2+ 17. Qxd2 Qb6 18. Ne2 Bb7 19. O-O h6 20. Qd3 f5 21. Nh4
Ne7 22. Nf4 Kh7 23. Qg3 g5 24. Nh5 Qxd4 25. Rc7 Qxe5 26. Rxd7 Qxg3 27. Rxe7+
Kg8 28. Rg7+ Kh8 29. Ng6# 1-0

[Event "Thursday Knighter V: PREMIER"]
[Site "Minneapolis, MN"]
[Date "2018.05.31"]
[Round "5.1"]
[White "Newhall, Peter"]
[Black "Cooklev, Steven"]
[Result "1/2-1/2"]
[WhiteElo "1067"]
[BlackElo "1496"]

1. d4 Nf6 2. Nf3 d5 3. e3 c5 4. c3 cxd4 5. exd4 Nc6 6. Bd3 Bg4 7. O-O e6 8.
Bg5 Be7 9. Nbd2 O-O 10. Qc2 h6 11. Bh4 Nh5 12. Bxe7 Qxe7 13. h3 Bxf3 14. Nxf3
Nf4 15. Rfe1 Qf6 16. Bf1 Nxh3+ 17. gxh3 Qxf3 18. Re3 Qf6 19. Kh1 Rfc8 20. Qd2
Rab8 21. Be2 Qxf2 22. Rg1 Ne7 23. Rf3 Qh4 24. Rg4 Qh5 25. Rfg3 g5 26. Rxg5+
Qxg5 27. Rxg5+ hxg5 28. Qxg5+ Kf8 29. Bh5 Nf5 30. Kg2 b5 31. Qf6 Nd6 32. Bg4
{#d} 1/2-1/2

[Event "Thursday Knighter V: PREMIER"]
[Site "Minneapolis, MN"]
[Date "2018.05.31"]
[Round "5.2"]
[White "Hoover, Nathan"]
[Black "Narayanan, Samrug"]
[Result "1/2-1/2"]
[WhiteElo "1979"]
[BlackElo "1183"]

1. e4 e6 2. d4 d5 3. Nc3 Nc6 4. Nf3 Nf6 5. e5 Ne4 6. Be2 Bb4 7. Qd3 O-O 8. O-O
f5 9. exf6 Nxf6 10. Bg5 h6 11. Bd2 a6 12. Rad1 Bd6 13. Bc1 Bd7 14. a3 Be8 15.
Rfe1 Nh5 16. g3 Qf6 17. Be3 g5 18. Na4 Bg6 19. Qc3 Ng7 20. Nc5 Bxc5 21. Qxc5
Nf5 22. g4 Nd6 23. Nd2 Ne4 24. Nxe4 Bxe4 25. Qc3 Bf3 26. Bc1 Rae8 27. Bxf3
Qxf3 28. Qxf3 Rxf3 29. Kg2 Ref8 30. Be3 Ne7 31. Rd3 Ng6 32. Rb3 b6 33. Rc3
R8f7 34. Rc6 R3f6 35. Kf1 a5 36. Rd1 e5 37. Rxf6 Rxf6 38. dxe5 Re6 39. Rxd5
Nxe5 40. h3 Nf7 41. c4 Re4 42. c5 b5 43. c6 b4 44. Rd7 bxa3 45. bxa3 Rc4 46.
Rxc7 Nd6 47. Ra7 Rxc6 48. Rxa5 Rc3 49. Ra6 Nc4 50. Rxh6 Nxe3+ 51. fxe3 Rxe3
52. Rg6+ Kf7 53. Rxg5 Rxh3 54. a4 Ra3 55. a5 Kf6 56. Rf5+ Ke6 57. Kf2 Rb3 58.
a6 Ra3 59. Rf3 Rxa6 60. Kg3 Ra8 61. g5 Ke7 62. Kg4 Rf8 63. Ra3 Kf7 64. Ra7+
Kg6 65. Ra6+ Kg7 66. Rb6 Rf1 67. Rb7+ Kg6 68. Rb6+ Kg7 69. Rb4 Kg6 {#d}
1/2-1/2

[Event "Thursday Knighter V: PREMIER"]
[Site "Minneapolis, MN"]
[Date "2018.05.31"]
[Round "5.3"]
[White "Buyukdag, Yusuf"]
[Black "Gibbins, Wilson"]
[Result "0-1"]
[WhiteElo "1102"]
[BlackElo "1018"]

1. d4 Nf6 2. c4 e6 3. Nc3 Bb4 4. Qc2 O-O 5. a3 Bxc3+ 6. Qxc3 d5 7. Bg5 dxc4 8.
e3 b5 9. Nf3 Bb7 10. a4 a6 11. b3 cxb3 12. axb5 Ne4 13. Qxb3 Nxg5 14. Nd2 axb5
15. Rxa8 Bxa8 16. f3 h6 17. Bxb5 Nd7 18. h4 Nh7 19. g4 Nb6 20. Bd3 g6 21. h5
g5 22. Rf1 Nf6 23. Qd1 e5 24. Nb3 Qe7 25. Kf2 e4 26. fxe4 Nxe4+ 27. Kg1 Qd6
28. Qe1 Qe6 29. Rf5 Qxb3 {#R} 0-1

[Event "Thursday Knighter V: PREMIER"]
[Site "Minneapolis, MN"]
[Date "2018.05.31"]
[Round "5.5"]
[White "Wisniewski, Vincent"]
[Black "McNeil, John"]
[Result "0-1"]
[WhiteElo "1432"]
[BlackElo "1757"]

1. d4 Nf6 2. c4 g6 3. Nc3 Bg7 4. e4 d6 5. Nge2 O-O 6. Ng3 e5 7. d5 Nbd7 8. Be2
Ne8 9. Bg4 Nef6 10. h3 a6 11. Be3 Rb8 12. Ba7 Ra8 13. Be3 b6 14. Qd2 Rb8 15.
f3 b5 16. cxb5 axb5 17. b4 Ba6 18. Bxd7 Nxd7 19. O-O f5 20. exf5 gxf5 21. Bf2
Qe8 22. Rfc1 Qg6 23. Qe1 Bh6 24. Rc2 Nf6 25. Rd1 Kh8 26. Qf1 Rg8 27. Qd3 Nh5
28. Nce2 Rbf8 29. Rxc7 Nf4 30. Qc2 Nxe2+ 31. Qxe2 Bf4 32. Rc6 Bc8 33. Bc5 Qxg3
34. Bxd6 Qh2+ 35. Kf1 Qh1+ 36. Kf2 Rxg2# 0-1

[Event "Thursday Knighter V: PREMIER"]
[Site "Minneapolis, MN"]
[Date "2018.05.31"]
[Round "5.6"]
[White "Boardman, Larry"]
[Black "Louie, Terry"]
[Result "1-0"]
[WhiteElo "1971"]
[BlackElo "1506"]

1. e4 c5 2. Nf3 Nc6 3. d4 cxd4 4. Nxd4 Nf6 5. Nc3 d6 6. Be2 g6 7. Be3 Bg7 8.
O-O O-O 9. Nb3 Be6 10. f4 Qc8 11. Bf3 Rd8 12. Nd5 Bxd5 13. exd5 Nb8 14. Qd3
Nbd7 15. Rae1 Nf8 16. Kh1 e6 17. dxe6 Nxe6 18. c3 Qc7 19. Rd1 a6 20. Rf2 Rab8
21. Rfd2 a5 22. g3 a4 23. Nd4 Nc5 24. Qc2 b5 25. Nc6 Re8 26. Bxc5 dxc5 27.
Nxb8 Qxb8 28. Qd3 Bf8 29. Bc6 c4 30. Qd4 Re6 31. Bf3 Be7 32. Qf2 Ne4 33. Bxe4
Rxe4 34. h4 Qc7 35. Re2 Bc5 36. Qf3 Rxe2 37. Qxe2 a3 38. Qe8+ Bf8 39. Qxb5
axb2 40. Qxb2 Qa5 41. Kh2 Ba3 42. Qb8+ Bf8 43. Rd8 Qxa2+ 44. Kh3 Qa3 45. Qe5
Qa1 46. Kg2 Qa6 47. Qe7 Qc6+ 48. Kh2 {#r} 1-0

[Event "Thursday Knighter V: OPEN"]
[Site "Minneapolis, MN"]
[Date "2018.05.31"]
[Round "5.4"]
[White "Melander, Robert"]
[Black "Gisselquist, Peter"]
[Result "0-1"]
[WhiteElo "1541"]
[BlackElo "1018"]

1. e4 e5 2. Nf3 Nc6 3. Bc4 Nf6 4. d3 Bc5 5. c3 a5 6. O-O d6 7. d4 exd4 8. cxd4
Bb6 9. d5 Ne7 10. Nfd2 O-O 11. h3 Ng6 12. Kh2 Qe8 13. Nc3 Nd7 14. f4 f5 15.
exf5 Rxf5 16. g3 Rf8 17. Re1 Qd8 18. Nde4 Nf6 19. b3 Nxe4 20. Nxe4 Qd7 21. Ng5
Qf5 22. Re2 h6 23. Bd3 Qf6 24. Bb2 Qd8 25. Ne6 Bxe6 26. Rxe6 Nxf4 27. gxf4
Rxf4 28. Rg6 Rf2+ 29. Rg2 Rxg2+ 30. Kxg2 Qg5+ 31. Qg4 Qd2+ 32. Qe2 Qg5+ 33.
Kh2 Rf8 34. Rf1 Rxf1 35. Qxf1 Qd2+ 36. Qe2 Qf4+ 37. Kg2 Qg5+ 38. Kf3 Qxd5+ 39.
Qe4 Qh5+ 40. Qg4 Qd5+ 41. Ke2 Qg5 42. Qc8+ Kf7 43. Qxb7 Qe3+ {#R} 0-1

[Event "Thursday Knighter V: OPEN"]
[Site "Minneapolis, MN"]
[Date "2018.05.31"]
[Round "5.5"]
[White "Mauser, Samuel"]
[Black "Benson, Carl"]
[Result "0-1"]
[WhiteElo "1645"]
[BlackElo "1765"]

1. e4 c5 2. Nf3 d6 3. c3 Nf6 4. Be2 Nc6 5. d4 cxd4 6. cxd4 e6 7. d5 Nb8 8. Nc3
e5 9. O-O Be7 10. Be3 O-O 11. Rc1 a6 12. Na4 Nbd7 13. Nd2 b5 14. Nc3 Bb7 15.
f4 Rc8 16. fxe5 Nxe5 17. Bf4 Qb6+ 18. Kh1 Ng6 19. Bg3 Qd8 20. b4 Qd7 21. a4
bxa4 22. Qxa4 Qd8 23. Na2 Rxc1 24. Rxc1 Qb6 25. Nc3 Rc8 26. Qa3 Qe3 27. Nc4
Qg5 28. Bxd6 Bd8 29. Bc5 Nf4 30. Bf3 Nd7 31. Ne2 Nxe2 32. Bxe2 Ne5 33. Nd6 Rc7
34. Nxb7 Rxb7 35. Be3 Qe7 36. Bc5 Qd7 37. Qxa6 h6 38. Qd6 Qe8 39. Qa6 Qd7 40.
Ra1 Bf6 41. Qa8+ Kh7 42. Ra7 Rxa7 43. Qxa7 Qc8 44. Ba6 Qg4 45. d6 Qxe4 46. Bf1
Qb1 47. Kg1 Qd1 48. Qa3 g6 49. b5 Qd5 50. Qa7 Qd1 51. b6 Qd5 52. b7 Nc6 53.
Qb6 Nb8 54. Bf2 Kg7 55. Qc7 Nc6 56. b8=Q Nxb8 57. Qxb8 Qd2 58. Bc5 h5 59. Qb7
Qc3 60. Bb6 Qb2 61. Kh1 Qb1 62. Qc6 Qxf1+ 63. Bg1 Bd4 {#R} 0-1

[Event "Thursday Knighter V: OPEN"]
[Site "Minneapolis, MN"]
[Date "2018.05.31"]
[Round "5.6"]
[White "Heinisch, Michael"]
[Black "Landman, Kevin"]
[Result "1/2-1/2"]
[WhiteElo "1300"]
[BlackElo "1506"]

1. e4 c5 2. d4 cxd4 3. c3 dxc3 4. Nxc3 d6 5. Nf3 Bg4 6. Bc4 e6 7. Qa4+ Nc6 8.
Bb5 Nge7 9. Nd4 e5 10. Nxc6 Nxc6 11. Nd5 Bd7 12. Bg5 f6 13. Be3 Ne7 14. Bxd7+
Qxd7 15. Nc7+ Kd8 16. Qxd7+ Kxd7 17. Nxa8 Nc6 18. Nb6+ axb6 19. Bxb6 Be7 20.
Ke2 Ke6 21. Rhd1 Bd8 22. Be3 Nb4 23. Bd2 Nc2 24. Rac1 Nd4+ 25. Kd3 Bb6 26. Rc4
Rd8 27. Rb4 Bc5 28. Rxb7 d5 29. exd5+ Rxd5 30. Kc4 Nf5 31. Kc3 Bxf2 32. Be1
Rxd1 33. Bxf2 Rc1+ 34. Kd2 Rc4 35. b3 Rc6 36. a4 h5 37. a5 g5 38. Rb6 Kd7 39.
b4 Kc7 40. Rxc6+ Kxc6 41. Kc3 Kb5 42. g3 Ne7 43. Bc5 Nd5+ 44. Kb3 e4 45. Kc2
f5 46. Kd2 f4 47. gxf4 gxf4 48. Ke2 Nc7 49. Bd6 Ne6 50. Bxf4 Nxf4+ 51. Ke3
Nd5+ 52. Kxe4 Nxb4 53. h4 Kxa5 54. Kf5 Nd5 55. Kg5 Ne3 56. Kxh5 Nf5 {#d}
1/2-1/2

[Event "Thursday Knighter V: OPEN"]
[Site "Minneapolis, MN"]
[Date "2018.05.31"]
[Round "5.8"]
[White "Niederluecke, Max"]
[Black "Hale, Roger"]
[Result "0-1"]
[WhiteElo "1067"]
[BlackElo "1979"]

1. e4 e6 2. d4 d5 3. Nc3 c5 4. dxc5 Bxc5 5. exd5 Bb4 6. Bd2 exd5 7. Bb5+ Nc6
8. Nge2 Nge7 9. O-O O-O 10. a3 Bd6 11. Re1 Be6 12. Nf4 Bc7 13. Nxe6 fxe6 14.
Rxe6 Bb6 15. Be3 d4 16. Bc4 Kh8 17. Bg5 dxc3 18. Qxd8 Bxf2+ 19. Kh1 Raxd8 20.
Bxe7 Nxe7 21. Rxe7 cxb2 22. Rb1 b6 23. a4 a5 24. g3 Bd4 25. Re4 Rf2 26. Bb3
Rd2 27. Rxd4 R8xd4 28. Rxb2 Re4 29. Rb1 Ree2 30. Kg1 Rxh2 31. Re1 Rhg2+ 32.
Kh1 h5 33. Re8+ Kh7 34. Bg8+ Kh6 35. Bf7 Rh2+ 36. Kg1 Rdg2+ 37. Kf1 Rxg3 38.
Rh8+ Kg5 39. Rh7 Rf3+ 40. Kg1 Rxc2 41. Rxg7+ Kf6 42. Rh7 Ra3 {#R} 0-1

[Event "Thursday Knighter V: OPEN"]
[Site "Minneapolis, MN"]
[Date "2018.05.31"]
[Round "5.9"]
[White "Juntunen, Steven"]
[Black "Gabrielson, Graham"]
[Result "1-0"]
[WhiteElo "2133"]
[BlackElo "1018"]

1. e4 e5 2. Nf3 Nf6 3. Nxe5 d6 4. Nf3 Nxe4 5. d4 Nf6 6. Bd3 b6 7. O-O Bb7 8.
c4 d5 9. Re1+ Be7 10. Qe2 Nc6 11. Nc3 dxc4 12. Bxc4 O-O 13. d5 b5 14. dxc6
Bxc6 15. Qxe7 bxc4 16. Qxd8 Raxd8 17. Bf4 Rd7 18. Ne5 Rd4 19. Nxc6 Rxf4 20.
Nxa7 Rb8 21. Nc6 Rxb2 22. Rab1 Rbxf2 23. Rb8+ Ne8 24. Rbxe8# 1-0

[Event "Exerciser Quad 6: SECTION 1 (2172)"]
[Site "MInneapolis, MN"]
[Date "2018.06.02"]
[Round "3.2"]
[White "Azar, Steven"]
[Black "Hoover, Nathan"]
[WhiteElo "2038"]
[BlackElo "1979"]

1. c4 e6 2. g3 d5 3. Bg2 Nf6 4. Nf3 dxc4 5. Na3 c5 6. Nxc4 Nc6 7. O-O Be7 8.
b3 O-O 9. Bb2 Nd5 10. d4 cxd4 11. Nxd4 Nxd4 12. Bxd4 b5 13. Ne5 Bb7 14. Rc1
Ba3 15. Rc2 Qa5 16. Nd3 Rfd8 17. Qa1 f6 18. Nc5 Bc8 19. Rd1 Rb8 20. Bb2 Nb4
21. Rxd8+ Qxd8 22. Rc1 Bxb2 23. Qxb2 Rb6 24. a3 Nc6 25. h4 Ne7 26. b4 Rd6 27.
Ne4 Rd5 28. e3 Rd1+ 29. Kh2 Rd7 30. Nc5 Rd6 31. Rc2 Nd5 32. Ne4 Rd7 33. Qb3
Kh8 34. Rd2 Ne7 35. Rxd7 Qxd7 36. Nc5 Qd6 37. Bh3 Nd5 38. Qd3 Qc6 39. e4 Ne7
40. Qd8+ Ng8 41. Bf1 e5 42. Bxb5 Qxb5 43. Qxc8 a5 44. Qd7 Qe2 45. Kg2 axb4 46.
axb4 Qc2 47. Qd3 Qb2 48. b5 h5 49. Nd7 Nh6 50. Nf8 Ng4 51. Qf3 Qxb5 52. Qf5
Qe2 53. Kg1 Qe1+ 54. Kg2 Qe2 55. Kg1 Kg8 56. Nd7 Nxf2 57. Nxf6+ gxf6 58. Qg6+
Kh8 59. Qxf6+ Kg8 60. Qxf2 Qxe4 61. Qf6 Qe1+ 62. Kg2 Qe2+ 63. Kg1 Qe1+ 64. Kg2
Qe2+ 65. Kg1 *

[Event "Thursday Knighter VI: PREMIER"]
[Site "Minneapolis, MN"]
[Date "2018.06.07"]
[Round "1.1"]
[White "Titus, Andrew"]
[Black "Boardman, Larry"]
[Result "1-0"]
[WhiteElo "1528"]
[BlackElo "1944"]

1. e4 c5 2. Nf3 e6 3. d4 cxd4 4. Nxd4 a6 5. Nc3 Qc7 6. g3 Bb4 7. Nde2 Nf6 8.
Bg2 Be7 9. O-O O-O 10. h3 d6 11. Be3 Nc6 12. f4 Rb8 13. a4 b6 14. g4 Nd7 15.
Qd2 Nc5 16. b3 Bb7 17. Rad1 Ba8 18. g5 b5 19. axb5 axb5 20. Ng3 b4 21. Nce2
Nd7 22. h4 Rfc8 23. Bh3 Na7 24. f5 Nf8 25. f6 Bd8 26. fxg7 Ng6 27. h5 Ne5 28.
h6 Ng6 29. Qxd6 Qxd6 30. Rxd6 Nb5 31. Rxd8+ Rxd8 32. Nh5 f5 33. exf5 exf5 34.
Bxf5 Rd6 35. Bc5 {#r} 1-0

[Event "Thursday Knighter VI: PREMIER"]
[Site "Minneapolis, MN"]
[Date "2018.06.07"]
[Round "1.2"]
[White "Marquina, Efrain"]
[Black "Cooklev, Steven"]
[Result "0-1"]
[WhiteElo "1645"]
[BlackElo "1496"]

1. d4 Nf6 2. c4 e6 3. Nf3 d5 4. Bg5 Bb4+ 5. Nc3 dxc4 6. Qa4+ Nc6 7. a3 Bxc3+
8. bxc3 Qd5 9. Bf4 b5 10. Qc2 Na5 11. Bxc7 Nb3 12. Rb1 Bb7 13. g3 Qd7 14. Be5
Be4 15. Qd1 Nd5 16. Rxb3 cxb3 17. Qxb3 f6 18. Bf4 Nxf4 19. gxf4 O-O 20. Bh3
Rfe8 21. O-O Rac8 22. Nd2 Bd5 23. Qb4 Qc7 24. e4 Qxc3 25. Bg2 Ba8 26. Rb1 Qxb4
27. axb4 Red8 28. Nb3 Rc4 29. Nc5 Rcxd4 30. Bh3 Rd1+ 31. Rxd1 Rxd1+ 32. Kg2 f5
33. f3 g6 34. Nxe6 fxe4 35. fxe4 Bxe4+ 36. Kg3 Rd3+ 37. Kh4 Rxh3+ {#R} 0-1

[Event "Thursday Knighter VI: PREMIER"]
[Site "Minneapolis, MN"]
[Date "2018.06.07"]
[Round "1.3"]
[White "Britt, Thomas"]
[Black "Wasserman, Eddie"]
[Result "1-0"]
[WhiteElo "1460"]
[BlackElo "1928"]

1. d4 Nf6 2. c4 c5 3. d5 e5 4. Nc3 d6 5. e4 Be7 6. Be2 Nbd7 7. Nf3 Nf8 8. O-O
Ng6 9. Ne1 O-O 10. Nd3 a6 11. a4 Bd7 12. b4 b6 13. Be3 h6 14. a5 Nf4 15. Rb1
Nxd3 16. Qxd3 b5 17. bxc5 bxc4 18. Qxc4 dxc5 19. Rb6 Qc8 20. Ra1 Rb8 21. Qxa6
Qxa6 22. Bxa6 Rxb6 23. axb6 Ra8 24. b7 Rb8 25. Ra5 Bd8 26. Rxc5 Kh7 27. Rc8
{#r} 1-0

[Event "Thursday Knighter VI: PREMIER"]
[Site "Minneapolis, MN"]
[Date "2018.06.07"]
[Round "1.5"]
[White "Zagar, Dane"]
[Black "Timm, Jordan"]
[Result "1-0"]
[WhiteElo "1972"]
[BlackElo "1902"]

1. d4 Nf6 2. c4 e6 3. Nc3 d5 4. Bg5 Nbd7 5. e3 c6 6. Nf3 Bb4 7. Qc2 Qa5 8. Nd2
dxc4 9. Bxf6 Nxf6 10. Nxc4 Qc7 11. Bd3 O-O 12. O-O h6 13. Ne5 Bd6 14. f4 Nd5
15. Qd2 Bd7 16. Rac1 a6 17. Bb1 Rfe8 18. Ne4 f5 19. Nxd6 Qxd6 20. g4 fxg4 21.
Nxg4 Qe7 22. Qg2 Kh8 23. Rf3 Nf6 24. Ne5 Kg8 25. Rh3 h5 26. Bg6 Rf8 27. Qg5
Be8 28. Rxh5 Qd8 29. Rh3 Bxg6 30. Nxg6 Re8 31. Rh8+ Kf7 32. Ne5+ Ke7 33. Qxg7+
Kd6 34. Nf7+ Kd5 35. Nxd8 Raxd8 36. Qxf6 Kd6 37. Qxd8+ Rxd8 38. Rxd8+ Kc7 39.
Rh8 Kb6 40. Rc5 a5 41. Rh7 Ka6 42. a4 Kb6 43. Re5 Ka6 44. Rhh5 c5 45. Rxe6+
Ka7 46. dxc5 Ka8 47. Re8+ Ka7 48. Rh7 Ka6 49. Ra8# 1-0